000 00595nam a2200229Ia 4500
003 OSt
005 20221005072959.0
006 a|||||r|||| 00| 0
007 ta
008 221004b |||||||| |||| 00| 0 eng d
024 _a45075
037 _cTextual
040 _aCRL
_cCRL
_beng
041 _2eng
_aeng
100 _aHorowitz Ellis
245 0 _aFundamentals of data structures
260 _aNew Delhi
_bGalgotia Booksource
_c1983
300 _a564p.
_ccm.
700 _a Sahni Sartaj
_9423895
942 _cTEXL
_2cc
999 _c980354
_d980354